European Countries - Photo Quiz 1 - Statistics

General Stats
  • This quiz has been taken 34 times
  • The average score is 12 of 16
Answer Stats
Picture Answer % Correct
France
93%
Germany
89%
Italy
89%
Russia
82%
Belgium
79%
Latvia
79%
Spain
79%
Poland
75%
Romania
75%
Serbia
75%
Estonia
71%
Lithuania
71%
Belarus
68%
Ukraine
68%
Moldova
61%
Kosovo
57%
No matching quizzes found
Score Distribution
Percent of People with Each Score
Percentile by Number Answered
Your Score History
You have not taken this quiz